000 00650nam a22002057a 4500
005 20241104130443.0
008 201117s ||||| |||| 00| 0 ger d
020 _a9783193119018
040 _cDLC
080 _a811.112.2
_bG-51
100 _954
_aGlas-Peters Sabine
245 _aMenschen: Deutch als Fremdsprache Arbeitsbuch: Level A1.1
_c / by Huber Verlag. Authors: Sabine Glas-Peters, Angela Pude, Monika Reimann
260 _agermany
_bHueber
_c2012
300 _a109 p.
_b1 CD
650 _2German Language
653 _aგერმანული ენა
700 _952
_aPude Angela
700 _955
_aReimann Monika
942 _2udc
_cBK
999 _c256
_d256